The Friday Multiple Choice Quiz (General Knowledge) #11 - Statistics

General Stats
  • This quiz has been taken 36 times
  • The average score is 5 of 10
Answer Stats
Question Answer % Correct
As of 9th January 2026, how many films in the Avatar series have there been? Three
77%
Who in 2025 became the first female Archbishop Of Canterbury? Sarah Mullally
74%
What is the name of the 1985 agreement which allows freedom of movement for travellers to and from 29 European countries? Shengen Agreement
69%
In relation to spoken language, what does "sesquipedalian" mean? A tendency to use very long words
66%
Who was the youngest member of England's 1966 World Cup winning team, and which club did he play for? Alan Ball - Blackpool
51%
Which film director, comedian and actor will turn 100 on June 28th 2026? Mel Brooks
43%
Who in 1967 sang and popularized "Crystal Chandeliers" ? Charley Pride
40%
In which country is the the Kyalami Formula One motor racing circuit? South Africa
31%
As of 2023, which country annually produces the greatest number of Watermelons? China
29%
In 1979 who was the surgeon who carried out the first successful heart transplant in the UK? Terence English
23%
No matching quizzes found
Score Distribution
Percent of People with Each Score
Percentile by Number Answered
Your Score History
You have not taken this quiz